Decision Trees based Fuzzy Rules; Advances in Computer Science Research; Vol. 51 : Information Technologies in Science, Management, Social Sphere and Medicine (ITSMSSM 2016)

Bibliographische Detailangaben
Parent link:Advances in Computer Science Research
Vol. 51 : Information Technologies in Science, Management, Social Sphere and Medicine (ITSMSSM 2016).— 2016.— [P. 260-265]
Körperschaften: Национальный исследовательский Томский политехнический университет Инженерная школа информационных технологий и робототехники Отделение информационных технологий, Национальный исследовательский Томский политехнический университет Исследовательская школа химических и биомедицинских технологий
Weitere Verfasser: Berestneva O. G. Olga Grigorievna, Zharkova O. Oksana, Pekker Ja. S. Jakob Semenowitsch, Marukhina O. V. Olga Vladimirovna, Hatem Hassanin, Sharopin K. Konstantin
Zusammenfassung:Title screen
Adaptive possibilities biosystems appear only in real life conditions, namely in particular natural or artificial environment of an organism habitat. According to the authors, for the state of biosystems integrated assessment the promising approach is based on entropy methods for modeling complex systems.
Sprache:Englisch
Veröffentlicht: 2016
Schlagworte:
Online-Zugang:http://dx.doi.org/10.2991/itsmssm-16.2016.69
Format: MixedMaterials Elektronisch Buchkapitel
KOHA link:https://koha.lib.tpu.ru/cgi-bin/koha/opac-detail.pl?biblionumber=657511

MARC

LEADER 00000nla2a2200000 4500
001 657511
005 20240111154206.0
035 |a (RuTPU)RU\TPU\network\24041 
035 |a RU\TPU\network\24039 
090 |a 657511 
100 |a 20180212a2016 k y0engy50 ba 
101 0 |a eng 
102 |a FR 
105 |a y z 100zy 
135 |a drgn ---uucaa 
181 0 |a i  
182 0 |a b 
200 1 |a Decision Trees based Fuzzy Rules  |f O. G. Berestneva [et al.] 
203 |a Text  |c electronic 
300 |a Title screen 
320 |a [References: p. 264-265 (8 tit.)] 
330 |a Adaptive possibilities biosystems appear only in real life conditions, namely in particular natural or artificial environment of an organism habitat. According to the authors, for the state of biosystems integrated assessment the promising approach is based on entropy methods for modeling complex systems. 
461 1 |0 (RuTPU)RU\TPU\network\18167  |t Advances in Computer Science Research 
463 0 |0 (RuTPU)RU\TPU\network\18169  |t Vol. 51 : Information Technologies in Science, Management, Social Sphere and Medicine (ITSMSSM 2016)  |o III International Scientific Conference, May 23-26, 2016, Tomsk, Russia  |o [proceedings]  |f National Research Tomsk Polytechnic University (TPU) ; eds. O. G. Berestneva, A. Tikhomirov, A. Trufanov  |v [P. 260-265]  |d 2016 
610 1 |a электронный ресурс 
610 1 |a труды учёных ТПУ 
610 1 |a adaptive possibilities biosystems 
610 1 |a entropy methods 
610 1 |a integrated assessment 
610 1 |a state of biosystems 
610 1 |a modeling complex systems 
610 1 |a биосистемы 
610 1 |a энтропийные методы 
610 1 |a комплексная оценка 
610 1 |a моделирование 
610 1 |a сложные системы 
701 1 |a Berestneva  |b O. G.  |c specialist in the field of informatics and computer technology  |c Professor of Tomsk Polytechnic University, Doctor of technical sciences  |f 1953-  |g Olga Grigorievna  |3 (RuTPU)RU\TPU\pers\30927  |9 15165 
701 1 |a Zharkova  |b O.  |g Oksana 
701 1 |a Pekker  |b Ja. S.  |c Fachmann auf dem Gebiet der Elektronik und Medizintechnik  |c Professor der Polytechnischen Universität Tomsk, Kandidat der technischen Wissenschafte  |f 1940-  |g Jakob Semenowitsch  |3 (RuTPU)RU\TPU\pers\31892 
701 1 |a Marukhina  |b O. V.  |c specialist in the field of education quality assessment  |c Associate Professor of the Tomsk Polytechnic University, Candidate of technical sciences  |f 1974-  |g Olga Vladimirovna  |3 (RuTPU)RU\TPU\pers\31754  |9 15866 
701 0 |a Hatem Hassanin 
701 1 |a Sharopin  |b K.  |g Konstantin 
712 0 2 |a Национальный исследовательский Томский политехнический университет  |b Инженерная школа информационных технологий и робототехники  |b Отделение информационных технологий  |3 (RuTPU)RU\TPU\col\23515 
712 0 2 |a Национальный исследовательский Томский политехнический университет  |b Исследовательская школа химических и биомедицинских технологий  |c (2017- )  |3 (RuTPU)RU\TPU\col\23537 
801 2 |a RU  |b 63413507  |c 20180212  |g RCR 
856 4 |u http://dx.doi.org/10.2991/itsmssm-16.2016.69 
942 |c CF